Ace Attorney Countries Quiz - Statistics

General Stats
  • This quiz has been taken 65 times
  • The average score is 5 of 9
Answer Stats
Characters Answer % Correct
Phoenix Wright, Miles Edgeworth United States
100%
Manfred Von Karma, Franziska Von Karma Germany
96%
Ahlbi Ur'gaid, Dhurke Sahdmadhi Khura'in
68%
Judge (younger brother) Canada
50%
Machi Tobaye, Zinc Lablanc II Borginia
45%
Shi-Long Lang, Di-Jun Wang Zheng Fa
45%
Quercus Alba, Manny Coachen Cohdopia
34%
Quercus Alba Allebahst
32%
Manny Coachen, Colias Palaeno Babahl
32%
No matching quizzes found
Score Distribution
Percent of People with Each Score
Percentile by Number Answered
Your Score History
You have not taken this quiz